Cosa Juzgada Fraudulenta en el Derecho Procesal Civil venezolano

Bibliographic Details
Main Author: Rivero Ortuęz, Sara Maria
Other Authors: Rivero O., Sara M.
Format: eBook
Language:Spanish
Published: Caracas: Editorial Acadm̌ica Espaǫla, 2019
Subjects:
Online Access:Acceso restringido

MARC

LEADER 00000nam a22000007a 4500
005 2019100409309.0
007 cr|||| ||||
008 191004s2019 ve |||||s|||| 00||0 spa d
020 |a 9786200019851 
035 |a 29251 
040 |a vLex 
090 |c 9714  |d 9714 
100 1 |a Rivero Ortuęz, Sara Maria 
245 1 0 |a Cosa Juzgada Fraudulenta en el Derecho Procesal Civil venezolano  |h [Recurso electrn̤ico] /  |c Sara Maria Rivero Ortuęz, Sara M. Rivero O. 
256 |a Servicio en ln̕ea 
260 |a Caracas:  |b Editorial Acadm̌ica Espaǫla,  |c 2019 
300 |a 1 recurso electrn̤ico 
500 |a La cosa juzgada fraudulenta constituye una anomala̕ procesal contraria a los principios de justicia y seguridad jurd̕ica. Por lo que los jueces tienen el deber jurd̕ico de restituir los derechos que hayan sido vulnerados a cualquiera de las partes en litigio e incluso terceros extraǫs al proceso. En la actualidad, el derecho procesal civil como un derecho instrumental (adjetivo) se nutre del derecho constitucional lo que ha creado en favor de administrados y r̤ganos jurisdiccionales mecanismos tendentes a garantizar el fin l︢timo de todo proceso: justicia, amparado en la garantia al debido proceso. En consecuencia, se hace un estudio de los requisitos que harian viable y posible a los jueces determinar la existencia de la cosa juzgada fraudulenta, a los fines de restituir los bienes jurd̕icos vulnerados por va̕s procesales expeditas como el recurso de nulidad. Sin embargo, se hace necesaria la atenuacin̤ del principio dispositivo y la eliminacin̤ de la caducidad de la accin̤ para as ̕poder reconocerle cualidad en el ejercicio de sus pretensiones a los terceros que pasados da̕s, meses o incluso aǫs se percaten de la sentencia revestida de cosa juzgada fraudulenta 
506 1 |a Disponible solo en los productos indicados  |d vLex Global  |d vLex Global (Academic Edition, excluding Law Schools)  |d vLex Global (U.S. Academic Edition, Law Schools)  |d vLex Global (U.S. Academic Edition, excluding Law Schools)  |d vLex Global (Academic Edition, Law Schools) 
650 0 4 |a Derecho Civil  |z Venezuela 
700 1 |a Rivero O., Sara M. 
740 0 |a vLex Libros (Servicio en ln̕ea) 
856 4 0 |u http://vlex.com/source/29251  |z Acceso restringido 
942 |c BOOK 
999 0 |a Civil Law